Two-Letter Country Codes on a Map - Statistics

General Stats
  • This quiz has been taken 164 times
  • The average score is 57 of 196
Answers on the Map
Answers color-coded by a green-red scale on the quiz's map according to % correct below.
 
Answer Stats
Country Code % Correct
Canada ca
87%
United States us
85%
France fr
72%
Argentina ar
69%
Brazil br
69%
Mexico mx
69%
Russia ru
69%
Switzerland ch
64%
Germany de
64%
Spain es
64%
Australia au
62%
Finland fi
59%
Iran ir
56%
Bolivia bo
54%
Saudi Arabia sa
54%
Chile cl
51%
Colombia co
51%
Norway no
51%
Sweden se
51%
Albania al
49%
Greece gr
49%
India in
49%
Cuba cu
46%
United Kingdom gb
46%
Italy it
46%
Japan jp
46%
Montenegro me
46%
Peru pe
46%
Afghanistan af
44%
Belgium be
44%
Ecuador ec
44%
Georgia ge
44%
Panama pa
44%
Portugal pt
44%
Bahrain bh
41%
China cn
41%
Denmark dk
41%
Guyana gy
41%
Morocco ma
41%
Turkey tr
41%
Ukraine ua
41%
Venezuela ve
41%
Austria at
38%
Belize bz
38%
Costa Rica cr
38%
Iraq iq
38%
Poland pl
38%
Antigua and Barbuda ag
36%
Azerbaijan az
36%
Czech Republic cz
36%
Ireland ie
36%
Iceland is
36%
Lithuania lt
36%
Mali ml
36%
New Zealand nz
36%
Suriname sr
36%
Bosnia and Herzegovina ba
33%
Egypt eg
33%
Hungary hu
33%
Indonesia id
33%
Israel il
33%
Liechtenstein li
33%
Nicaragua ni
33%
Sudan sd
33%
Slovakia sk
33%
Sierra Leone sl
33%
Bulgaria bg
31%
Bahamas bs
31%
Estonia ee
31%
Honduras hn
31%
Paraguay py
31%
Slovenia si
31%
San Marino sm
31%
Uruguay uy
31%
Armenia am
28%
Cape Verde cv
28%
Dominica dm
28%
Guatemala gt
28%
Croatia hr
28%
Haiti ht
28%
Kazakhstan kz
28%
Luxembourg lu
28%
Mongolia mn
28%
Malta mt
28%
Pakistan pk
28%
South Sudan ss
28%
El Salvador sv
28%
Syria sy
28%
Tunisia tn
28%
Uganda ug
28%
Andorra ad
26%
Burundi bi
26%
Cyprus cy
26%
Dominican Republic do
26%
Eritrea er
26%
Ethiopia et
26%
Gabon ga
26%
Gambia gm
26%
Latvia lv
26%
Monaco mc
26%
Moldova md
26%
Malaysia my
26%
Netherlands nl
26%
Serbia rs
26%
Senegal sn
26%
Somalia so
26%
São Tomé and Príncipe st
26%
South Africa za
26%
Angola ao
23%
Bangladesh bd
23%
Ivory Coast ci
23%
Jamaica jm
23%
Jordan jo
23%
Laos la
23%
Libya ly
23%
Madagascar mg
23%
Mauritania mr
23%
Namibia na
23%
Niger ne
23%
Oman om
23%
Papua New Guinea pg
23%
Romania ro
23%
Yemen ye
23%
Brunei bn
21%
Bhutan bt
21%
Democratic Republic of the Congo cd
21%
Cameroon cm
21%
Algeria dz
21%
Ghana gh
21%
Guinea gn
21%
South Korea kr
21%
Lebanon lb
21%
Nigeria ng
21%
Singapore sg
21%
Chad td
21%
Thailand th
21%
Vietnam vn
21%
United Arab Emirates ae
18%
Barbados bb
18%
Burkina Faso bf
18%
Benin bj
18%
Botswana bw
18%
Belarus by
18%
Central African Republic cf
18%
Fiji fj
18%
Grenada gd
18%
Equatorial Guinea gq
18%
Kenya ke
18%
Kiribati ki
18%
Kuwait kw
18%
North Macedonia mk
18%
Mauritius mu
18%
Maldives mv
18%
Mozambique mz
18%
Nepal np
18%
Tajikistan tj
18%
East Timor tl
18%
Turkmenistan tm
18%
Uzbekistan uz
18%
Saint Vincent and the Grenadines vc
18%
Republic of the Congo cg
15%
Djibouti dj
15%
Guinea-Bissau gw
15%
Kyrgyzstan kg
15%
Cambodia kh
15%
Comoros km
15%
North Korea kp
15%
Sri Lanka lk
15%
Liberia lr
15%
Marshall Islands mh
15%
Myanmar mm
15%
Malawi mw
15%
Philippines ph
15%
Solomon Islands sb
15%
Seychelles sc
15%
Tuvalu tv
15%
Tanzania tz
15%
Samoa ws
15%
Zimbabwe zw
15%
Federated States of Micronesia fm
13%
Saint Kitts and Nevis kn
13%
Nauru nr
13%
Qatar qa
13%
Togo tg
13%
Trinidad and Tobago tt
13%
Kosovo xk
13%
Zambia zm
13%
Saint Lucia lc
10%
Rwanda rw
10%
Tonga to
10%
Taiwan tw
10%
Vatican City va
10%
Lesotho ls
8%
Palau pw
8%
Eswatini sz
8%
Vanuatu vu
8%
No matching quizzes found
Score Distribution
Percent of People with Each Score
Percentile by Number Answered
Your Score History
You have not taken this quiz